| 000 | nam a22 a 4500 | ||
|---|---|---|---|
| 999 |
_c328178 _d328178 |
||
| 003 | BLK | ||
| 005 | 20230111130600.0 | ||
| 008 | 181219b bu ||||| |||| 00| 0 bu d | ||
| 020 | _a978-954-28-2764-1 | ||
| 040 | _aBLK | ||
| 041 |
_aBUL _cBUL |
||
| 080 |
_aФизика _b53 _x(430)(092) _z53(430)(092) |
||
| 080 |
_aГении. Гениалност _b159.924 _z159.924 |
||
| 100 |
_aАйнщайн, Алберт _eпърви автор _91299 |
||
| 139 |
_aАйнщайн, Алберт _bА 37 |
||
| 245 |
_aКак виждам света _cАлберт Айнщайн |
||
| 257 | _aDEU | ||
| 260 |
_9217021 _aСофия _bСиела Норма _c2018 |
||
| 300 |
_a192 с. _c20 см |
||
| 380 | _a5 | ||
| 653 | 7 |
_9191117 _aмироглед |
|
| 653 | 7 |
_9187889 _aистория |
|
| 700 |
_91021 _aНиколов, Димитър _eпрев. от англ. |
||
| 852 | _cП 53(092)/А 37 | ||
| 942 |
_cKNG _n0 _018 _s1 |
||
| 999 | _d328178 | ||